000 00452cam a22001457a 4500
008 180718b1996 xxu||||| |||| 00| 0 eng d
020 _a8185809135
082 _aH52x54 An81
100 _aAnsari, M.A.
245 _aSocial justice and crime in India: tribals and corrective justice
_cby M.A. Ansari
260 _aJaipur
_bSublime
_c1996
300 _a400p.
650 _aTribals - Crimes - India
650 _aCriminal justice, Administration of - India
999 _c382557
_d382557